La gallina degollada (Registro nro. 68193)
[ vista simple ]
| 000 -LÍDER | |
|---|---|
| Campo fijo de descripción fija | 00625nam a2200217 i 4500 |
| 001 - NÚMERO DE CONTROL | |
| Campo de control | BINCO |
| 003 - IDENTIFICADOR DEL NÚMERO DE CONTROL | |
| Campo de control | CO-MdBIC |
| 005 - FECHA Y HORA DE LA ULTIMA TRANSACCIÓN | |
| control field | 20220921165631.0 |
| 008 - ELEMENTOS DE LONGITUD FIJA -- INFORMACIÓN GENERAL | |
| Campo fijo de descripción fija -- Información general | 220921t2020 spaa|||| |||| 00| 0 spa d |
| 020 ## - NÚMERO INTERNACIONAL NORMALIZADO PARA LIBROS | |
| Número Internacional Normalizado del libro | 9789585209442 |
| 040 ## - FUENTE DE CATALOGACIÓN | |
| Agencia de catalogación original | CO-MdBIC |
| Idioma de catalogación | spa. |
| Agencia que realiza la transcripción | CO-MdBIC |
| Agencia que realiza la modificación | CO-MdBIC |
| 041 ## - CÓDIGO DE IDIOMA | |
| Código de idioma para texto/pista de sonido o título separado | spa |
| 082 ## - NÚMERO DE CLASIFICACIÓN DECIMAL DEWEY | |
| Número de la edición del Dewey | 22 |
| Número de clasificación | 086.61 |
| Clave de autor-Numero de item | Q8 |
| 100 ## - ASIENTO PRINCIPAL--NOMBRE PERSONAL | |
| Nombre personal | Quiroga, Horacio |
| Fechas asociadas con el nombre | 1879-1937 |
| 245 3# - TÍTULO | |
| Título del Material | La gallina degollada |
| Mención de responsabilidad, etc. | Quiroga, Horacio |
| 264 ## - PRODUCCIÓN, PUBLICACIÓN, DISTRIBUCIÓN, MANUFACTURA, Y COPYRIGHT | |
| Lugar de producción, publicación, distribución, manufactura | Medellín: |
| Nombre del productor, publicador, distribuidor | CONFIAR Cooperativa Financiera |
| Fecha de producción, publicación, distribución, manufactura, o copyright | ©2020 |
| 300 ## - DESCRIPCIÓN FÍSICA | |
| Extensión | 31 páginas : |
| Otros detalles físicos | Ilustraciones a color ; |
| Dimensiones | 10,5cm. |
| 490 ## - MENCIÓN DE SERIE | |
| Mención de serie | Confiar en la cultura |
| 650 ## - ASIENTO SECUNDARIO DE MATERIA - TERMINO TEMÁTICO | |
| Subdivisión general | Cultura |
| 942 ## - TIPO DE MATERIAL (KOHA) | |
| Tipo de Item KOHA | Z- Libro General BINCO |
| Estado de Material | Estado de Perdido | Forma de Clasificación | Estado de Dañado | No para Préstamo | Colección | Biblioteca de Origen | Biblioteca Permanente | Fecha de Adquisición | Área | Total de Préstamos | Signatura Topográfica | Código de Barras | Última vez visto | Fecha de Remplazo | Tipo de Material |
|---|---|---|---|---|---|---|---|---|---|---|---|---|---|---|---|
| Dewey Decimal Classification | Colección General | Biblioteca Infantil Comunitaria BINCO | Biblioteca Infantil Comunitaria BINCO | 21/09/2022 | BINCO | 086.61 Q8 | B32167 | 21/09/2022 | 21/09/2022 | Z- Libro General BINCO |
